{"text_format":"3","workbook":"xlsx","n_sheets":1,"sheets":["t12"],"read":"whole","date_system":"1900"}

{"sheet":"t12","index":0,"n_rows":210,"n_cols":7,"rows_kept":210,"merged":[[0,0,0,6],[28,0,28,5],[45,0,45,5],[165,0,165,5]]}
["TABELA 12.1 - Estatísticas Agrícolas, Município de Altinópolis, Estado de São Paulo, 2016/17."]
["ITEM","UNIDADE","N.DE UPAs","MÍNIMO","MÉDIO","MÁXIMO","TOTAL"]
["Distância à sede do município","km",668,0.5,{"v":15.57,"d":"15.6"},{"v":57,"d":"57.0"},"-"]
["Área total","hectare",668,0.3,{"v":139.13,"d":"139.1"},{"v":4170.7,"d":"4,170.7"},{"v":92941.65,"d":"92,941.7"}]
["Área com cultura perene","hectare",238,0.5,{"v":42.84,"d":"42.8"},604.2,{"v":10196.8,"d":"10,196.8"}]
["Área com cultura temporária","hectare",397,{"v":1,"d":"1.0"},83.1,{"v":1493.5,"d":"1,493.5"},{"v":32991.6,"d":"32,991.6"}]
["Área com pastagem","hectare",296,0.2,{"v":28.08,"d":"28.1"},305.3,{"v":8311.6,"d":"8,311.6"}]
["Área com reflorestamento","hectare",65,0.4,{"v":232.93,"d":"232.9"},{"v":2327.6,"d":"2,327.6"},{"v":15140.5,"d":"15,140.5"}]
["Área com vegetação natural","hectare",534,0.1,{"v":43,"d":"43.0"},{"v":2449.2,"d":"2,449.2"},{"v":22964.15,"d":"22,964.2"}]
["Área com vegetação de brejo e várzea","hectare",16,0.1,{"v":14.44,"d":"14.4"},145.1,{"v":231,"d":"231.0"}]
["Área em descanso","hectare",8,0.2,{"v":33.78,"d":"33.8"},{"v":90,"d":"90.0"},270.2]
["Área complementar","hectare",533,0.1,{"v":5.32,"d":"5.3"},{"v":316,"d":"316.0"},{"v":2835.8,"d":"2,835.8"}]
["Área das UPAs com (0, 1] ha","hectare",2,0.3,0.5,0.7,{"v":1,"d":"1.0"}]
["Área das UPAs com (1, 2] ha","hectare",2,1.4,{"v":1.55,"d":"1.6"},1.7,3.1]
["Área das UPAs com (2, 5] ha","hectare",16,2.3,{"v":3.63,"d":"3.6"},4.8,58.1]
["Área das UPAs com (5, 10] ha","hectare",60,5.2,{"v":8.06,"d":"8.1"},9.9,483.7]
["Área das UPAs com (10, 20] ha","hectare",79,10.1,{"v":15.03,"d":"15.0"},{"v":20,"d":"20.0"},{"v":1187.3,"d":"1,187.3"}]
["Área das UPAs com (20, 50] ha","hectare",198,20.1,{"v":34.66,"d":"34.7"},49.9,{"v":6862.2,"d":"6,862.2"}]
["Área das UPAs com (50, 100] ha","hectare",118,50.2,{"v":73.69,"d":"73.7"},99.4,{"v":8695.6,"d":"8,695.6"}]
["Área das UPAs com (100, 200] ha","hectare",86,100.4,{"v":140.25,"d":"140.3"},{"v":195,"d":"195.0"},{"v":12061.4,"d":"12,061.4"}]
["Área das UPAs com (200, 500] ha","hectare",73,{"v":203,"d":"203.0"},{"v":305.64,"d":"305.6"},498.8,{"v":22311.5,"d":"22,311.5"}]
["Área das UPAs com (500, 1.000] ha","hectare",19,531.7,{"v":706.42,"d":"706.4"},901.5,{"v":13421.95,"d":"13,422.0"}]
["Área das UPAs com (1.000, 2.000] ha","hectare",11,{"v":1004.3,"d":"1,004.3"},{"v":1386.16,"d":"1,386.2"},{"v":1985.7,"d":"1,985.7"},{"v":15247.8,"d":"15,247.8"}]
["Área das UPAs com (2.000, 5.000] ha","hectare",4,{"v":2388,"d":"2,388.0"},{"v":3152,"d":"3,152.0"},{"v":4170.7,"d":"4,170.7"},{"v":12608,"d":"12,608.0"}]
["Área das UPAs com (5.000, 10.000] ha","hectare","-","-","-","-","-"]
["Área das UPAs acima de 10.000 ha","hectare","-","-","-","-","-"]
["Fonte: Secretaria de Agricultura e Abastecimento, CDRS/IEA, Projeto LUPA."]
[]
["TABELA 12.2 - Explorações Animais, Município de Altinópolis, Estado de São Paulo, 2016/17."]
["ITEM","UNIDADE","N.DE UPAs","MÍNIMO","MÉDIO","MÁXIMO","TOTAL"]
["Apicultura","colmeias",2,{"v":100,"d":"100.0"},{"v":800,"d":"800.0"},{"v":1500,"d":"1,500.0"},{"v":1600,"d":"1,600.0"}]
["Asininos e muares","cabecas",7,{"v":1,"d":"1.0"},{"v":5,"d":"5.0"},{"v":20,"d":"20.0"},{"v":35,"d":"35.0"}]
["Avestruzes e ema (criadouro)","cabecas",1,{"v":100,"d":"100.0"},{"v":100,"d":"100.0"},{"v":100,"d":"100.0"},{"v":100,"d":"100.0"}]
["Avicultura de corte","cabecas/ano",8,{"v":300,"d":"300.0"},{"v":236075,"d":"236,075.0"},{"v":552000,"d":"552,000.0"},{"v":1888600,"d":"1,888,600.0"}]
["Avicultura ornamental/decorativa/exotica","cabecas",2,{"v":15,"d":"15.0"},37.5,{"v":60,"d":"60.0"},{"v":75,"d":"75.0"}]
["Avicultura para ovos","cabecas",4,{"v":20,"d":"20.0"},{"v":59105,"d":"59,105.0"},{"v":158000,"d":"158,000.0"},{"v":236420,"d":"236,420.0"}]
["Bovinocultura de corte","cabecas",141,{"v":1,"d":"1.0"},{"v":155.94,"d":"155.9"},{"v":10000,"d":"10,000.0"},{"v":21987,"d":"21,987.0"}]
["Bovinocultura leiteira","cabecas",39,{"v":2,"d":"2.0"},{"v":77.69,"d":"77.7"},{"v":440,"d":"440.0"},{"v":3030,"d":"3,030.0"}]
["Bovinocultura mista","cabecas",8,{"v":3,"d":"3.0"},{"v":108.13,"d":"108.1"},{"v":666,"d":"666.0"},{"v":865,"d":"865.0"}]
["Equinocultura","cabecas",151,{"v":1,"d":"1.0"},{"v":6.07,"d":"6.1"},{"v":85,"d":"85.0"},{"v":916,"d":"916.0"}]
["Ovinocultura","cabecas",10,{"v":12,"d":"12.0"},49.6,{"v":100,"d":"100.0"},{"v":496,"d":"496.0"}]
["Piscicultura","m2 tanques",3,{"v":1100,"d":"1,100.0"},{"v":10966.67,"d":"10,966.7"},{"v":16000,"d":"16,000.0"},{"v":32900,"d":"32,900.0"}]
["Suinocultura","cabecas",8,{"v":4,"d":"4.0"},{"v":22.75,"d":"22.8"},{"v":120,"d":"120.0"},{"v":182,"d":"182.0"}]
["Fonte: Secretaria de Agricultura e Abastecimento, CDRS/IEA, Projeto LUPA."]
[]
["TABELA 12.3 -  Máquinas, Implementos e Benfeitorias, Município de Altinópolis, Estado de São Paulo, 2016/17."]
["ITEM","UNIDADE","N.DE UPAs","MÍNIMO","MÉDIO","MÁXIMO","TOTAL"]
["Arado comum (bacia, aiveca)","unidade",93,{"v":1,"d":"1.0"},{"v":1.16,"d":"1.2"},{"v":4,"d":"4.0"},{"v":108,"d":"108.0"}]
["Arado escarificador","unidade",12,{"v":1,"d":"1.0"},{"v":1.25,"d":"1.3"},{"v":2,"d":"2.0"},{"v":15,"d":"15.0"}]
["Arado subsolador","unidade",38,{"v":1,"d":"1.0"},{"v":1.16,"d":"1.2"},{"v":2,"d":"2.0"},{"v":44,"d":"44.0"}]
["Batedeira de cereais","unidade",3,{"v":1,"d":"1.0"},{"v":1,"d":"1.0"},{"v":1,"d":"1.0"},{"v":3,"d":"3.0"}]
["Camara fria","unidade",1,{"v":1,"d":"1.0"},{"v":1,"d":"1.0"},{"v":1,"d":"1.0"},{"v":1,"d":"1.0"}]
["Carregadeira de cana","unidade",7,{"v":1,"d":"1.0"},{"v":1,"d":"1.0"},{"v":1,"d":"1.0"},{"v":7,"d":"7.0"}]
["Carreta de trator","unidade",251,{"v":1,"d":"1.0"},{"v":1.81,"d":"1.8"},{"v":12,"d":"12.0"},{"v":454,"d":"454.0"}]
["Colhedeira acoplada","unidade",26,{"v":1,"d":"1.0"},1.5,{"v":9,"d":"9.0"},{"v":39,"d":"39.0"}]
["Colhedeira automotriz","unidade",24,{"v":1,"d":"1.0"},{"v":1.17,"d":"1.2"},{"v":2,"d":"2.0"},{"v":28,"d":"28.0"}]
["Computador","unidade",39,{"v":1,"d":"1.0"},{"v":2.21,"d":"2.2"},{"v":8,"d":"8.0"},{"v":86,"d":"86.0"}]
["Conj.irrigacao autopropelido","unidade",2,{"v":1,"d":"1.0"},{"v":1,"d":"1.0"},{"v":1,"d":"1.0"},{"v":2,"d":"2.0"}]
["Conj.irrigacao convencional","unidade",2,{"v":1,"d":"1.0"},{"v":1,"d":"1.0"},{"v":1,"d":"1.0"},{"v":2,"d":"2.0"}]
["Conj.irrigacao pivot central","unidade",1,{"v":1,"d":"1.0"},{"v":1,"d":"1.0"},{"v":1,"d":"1.0"},{"v":1,"d":"1.0"}]
["Conj.irrigacao/gotejamento/microaspersao","unidade",14,{"v":1,"d":"1.0"},{"v":1.57,"d":"1.6"},{"v":4,"d":"4.0"},{"v":22,"d":"22.0"}]
["Conjunto de fenacao","unidade",2,{"v":1,"d":"1.0"},{"v":1,"d":"1.0"},{"v":1,"d":"1.0"},{"v":2,"d":"2.0"}]
["Desintegrador de palha (plantio direto)","unidade",10,{"v":1,"d":"1.0"},1.1,{"v":2,"d":"2.0"},{"v":11,"d":"11.0"}]
["Desintegrador, picador, triturador","unidade",219,{"v":1,"d":"1.0"},{"v":1.04,"d":"1.0"},{"v":3,"d":"3.0"},{"v":228,"d":"228.0"}]
["Distribuidor de calcario","unidade",144,{"v":1,"d":"1.0"},{"v":1.18,"d":"1.2"},{"v":6,"d":"6.0"},{"v":170,"d":"170.0"}]
["Embarcação","unidade",1,{"v":1,"d":"1.0"},{"v":1,"d":"1.0"},{"v":1,"d":"1.0"},{"v":1,"d":"1.0"}]
["Ensiladeira","unidade",43,{"v":1,"d":"1.0"},{"v":1.21,"d":"1.2"},{"v":6,"d":"6.0"},{"v":52,"d":"52.0"}]
["Grade aradora (tipo romi)","unidade",62,{"v":1,"d":"1.0"},{"v":1.08,"d":"1.1"},{"v":4,"d":"4.0"},{"v":67,"d":"67.0"}]
["Grade niveladora","unidade",87,{"v":1,"d":"1.0"},{"v":1.08,"d":"1.1"},{"v":3,"d":"3.0"},{"v":94,"d":"94.0"}]
["Implementos para tracao animal","unidade",7,{"v":1,"d":"1.0"},{"v":1.14,"d":"1.1"},{"v":2,"d":"2.0"},{"v":8,"d":"8.0"}]
["Misturador de racao","unidade",17,{"v":1,"d":"1.0"},{"v":1.24,"d":"1.2"},{"v":4,"d":"4.0"},{"v":21,"d":"21.0"}]
["Ordenhadeira mecanica","unidade",23,{"v":1,"d":"1.0"},{"v":1.26,"d":"1.3"},{"v":5,"d":"5.0"},{"v":29,"d":"29.0"}]
["Pulverizador tratorizado","unidade",199,{"v":1,"d":"1.0"},{"v":1.57,"d":"1.6"},{"v":13,"d":"13.0"},{"v":313,"d":"313.0"}]
["Resfriador de leite, tanque expansao","unidade",32,{"v":1,"d":"1.0"},{"v":1.03,"d":"1.0"},{"v":2,"d":"2.0"},{"v":33,"d":"33.0"}]
["Retroescavadeira","unidade",1,{"v":1,"d":"1.0"},{"v":1,"d":"1.0"},{"v":1,"d":"1.0"},{"v":1,"d":"1.0"}]
["Roçadeira costal","unidade",28,{"v":1,"d":"1.0"},{"v":1.39,"d":"1.4"},{"v":3,"d":"3.0"},{"v":39,"d":"39.0"}]
["Roçadeira tratorizada","unidade",165,{"v":1,"d":"1.0"},{"v":1.41,"d":"1.4"},{"v":6,"d":"6.0"},{"v":233,"d":"233.0"}]
["Roçadora","unidade",44,{"v":1,"d":"1.0"},{"v":1.84,"d":"1.8"},{"v":8,"d":"8.0"},{"v":81,"d":"81.0"}]
["Semeadeira/adubadeira para plantio convencional","unidade",126,{"v":1,"d":"1.0"},{"v":1.38,"d":"1.4"},{"v":14,"d":"14.0"},{"v":174,"d":"174.0"}]
["Semeadeira/plantadeira plantio direto","unidade",41,{"v":1,"d":"1.0"},{"v":1.12,"d":"1.1"},{"v":2,"d":"2.0"},{"v":46,"d":"46.0"}]
["Tecnologias de gps para controle de máquinas","unidade",1,{"v":2,"d":"2.0"},{"v":2,"d":"2.0"},{"v":2,"d":"2.0"},{"v":2,"d":"2.0"}]
["Terraceador","unidade",1,{"v":1,"d":"1.0"},{"v":1,"d":"1.0"},{"v":1,"d":"1.0"},{"v":1,"d":"1.0"}]
["Trator de esteiras","unidade",4,{"v":1,"d":"1.0"},{"v":1.25,"d":"1.3"},{"v":2,"d":"2.0"},{"v":5,"d":"5.0"}]
["Trator de pneus  acima de 85 cv","unidade",10,{"v":1,"d":"1.0"},2.2,{"v":4,"d":"4.0"},{"v":22,"d":"22.0"}]
["Trator de pneus até 65 cv","unidade",239,{"v":1,"d":"1.0"},{"v":1.63,"d":"1.6"},{"v":16,"d":"16.0"},{"v":390,"d":"390.0"}]
["Trator de pneus de 66 cv a 85 cv","unidade",101,{"v":1,"d":"1.0"},2.5,{"v":16,"d":"16.0"},{"v":252,"d":"252.0"}]
["Acude/represa","unidade",207,{"v":1,"d":"1.0"},{"v":1.67,"d":"1.7"},{"v":28,"d":"28.0"},{"v":346,"d":"346.0"}]
["Almoxarifado/oficina","unidade",42,{"v":1,"d":"1.0"},{"v":1.07,"d":"1.1"},{"v":4,"d":"4.0"},{"v":45,"d":"45.0"}]
["Armazem para graos ensacados","sacas",127]
["Balanca para bovinos","unidade",20,{"v":1,"d":"1.0"},{"v":1,"d":"1.0"},{"v":1,"d":"1.0"},{"v":20,"d":"20.0"}]
["Barracao para granja/avicultura","unidade",13,{"v":1,"d":"1.0"},{"v":3.46,"d":"3.5"},{"v":12,"d":"12.0"},{"v":45,"d":"45.0"}]
["Barracao/galpao/garagem","unidade",265,{"v":1,"d":"1.0"},{"v":1.05,"d":"1.1"},{"v":3,"d":"3.0"},{"v":277,"d":"277.0"}]
["Biodigestor","unidade",2,{"v":1,"d":"1.0"},{"v":2,"d":"2.0"},{"v":3,"d":"3.0"},{"v":4,"d":"4.0"}]
["Casa de moradia habitada","unidade",396,{"v":1,"d":"1.0"},{"v":1.61,"d":"1.6"},{"v":15,"d":"15.0"},{"v":638,"d":"638.0"}]
["Casa de moradia total","unidade",459,{"v":1,"d":"1.0"},{"v":2.47,"d":"2.5"},{"v":22,"d":"22.0"},{"v":1136,"d":"1,136.0"}]
["Curral/mangueira","unidade",269,{"v":1,"d":"1.0"},{"v":1.03,"d":"1.0"},{"v":2,"d":"2.0"},{"v":276,"d":"276.0"}]
["Deposito/tulha","unidade",117,{"v":1,"d":"1.0"},{"v":1.21,"d":"1.2"},{"v":6,"d":"6.0"},{"v":141,"d":"141.0"}]
["Estabulo","unidade",39,{"v":1,"d":"1.0"},{"v":1,"d":"1.0"},{"v":1,"d":"1.0"},{"v":39,"d":"39.0"}]
["Estacao/posto meteorologico","unidade",2,{"v":1,"d":"1.0"},{"v":1,"d":"1.0"},{"v":1,"d":"1.0"},{"v":2,"d":"2.0"}]
["Estufa/plasticultura","m2",1]
["Fabrica de racao","unidade",7,{"v":1,"d":"1.0"},{"v":1,"d":"1.0"},{"v":1,"d":"1.0"},{"v":7,"d":"7.0"}]
["Instalacoes para equinos","unidade",17,{"v":1,"d":"1.0"},{"v":3.94,"d":"3.9"},{"v":20,"d":"20.0"},{"v":67,"d":"67.0"}]
["Maquina de beneficio","unidade",64,{"v":1,"d":"1.0"},{"v":1.06,"d":"1.1"},{"v":3,"d":"3.0"},{"v":68,"d":"68.0"}]
["Olaria","unidade",1,{"v":1,"d":"1.0"},{"v":1,"d":"1.0"},{"v":1,"d":"1.0"},{"v":1,"d":"1.0"}]
["Packing house","unidade",2,{"v":1,"d":"1.0"},{"v":1,"d":"1.0"},{"v":1,"d":"1.0"},{"v":2,"d":"2.0"}]
["Pocilga","unidade",15,{"v":1,"d":"1.0"},{"v":1,"d":"1.0"},{"v":1,"d":"1.0"},{"v":15,"d":"15.0"}]
["Poco semi-artesiano","unidade",52,{"v":1,"d":"1.0"},{"v":1.02,"d":"1.0"},{"v":2,"d":"2.0"},{"v":53,"d":"53.0"}]
["Secador de graos","unidade",70,{"v":1,"d":"1.0"},1.4,{"v":6,"d":"6.0"},{"v":98,"d":"98.0"}]
["Silo para graos","ton",4]
["Silo para silagem","ton",25]
["Terreiro","m2",166]
["Fonte: Secretaria de Agricultura e Abastecimento, CDRS/IEA, Projeto LUPA."]
[]
["TABELA 12.4 - Outras Estatísticas Agrícolas, Município de Altinópolis, Estado de São Paulo, 2016/17."]
["ITEM","Número de UPAs",null,"Percentual"]
["Faz Parte de Associação de Produtores",98,null,{"v":14.67065868263473,"d":"14.7"}]
["Faz Parte de Cooperativa de Produtores",416,null,{"v":62.275449101796404,"d":"62.3"}]
["Faz Parte do Sindicato de Produtores",247,null,{"v":36.97604790419162,"d":"37.0"}]
["Não utiliza assistência técnica ",45,null,{"v":6.736526946107785,"d":"6.7"}]
["Utiliza somente assistência técnica governamental ",10,null,{"v":1.4970059880239521,"d":"1.5"}]
["Utiliza somente assistência técnica privada ",587,null,{"v":87.87425149700599,"d":"87.9"}]
["Utiliza assistência técnica tanto governamental quanto privada",26,null,{"v":3.8922155688622757,"d":"3.9"}]
["Utiliza Crédito Rural",219,null,{"v":32.784431137724546,"d":"32.8"}]
["Utiliza Seguro Rural",379,null,{"v":56.73652694610779,"d":"56.7"}]
["Utiliza Escrituração Agrícola",630,null,{"v":94.31137724550898,"d":"94.3"}]
["Acessa Internet p/ Fins na Agropecuária",370,null,{"v":55.38922155688623,"d":"55.4"}]
["Utiliza Computador nas Atividades Agropecuárias",370,null,{"v":55.38922155688623,"d":"55.4"}]
["Utiliza Energia Elétrica Para Uso na Atividade Agrícola",453,null,{"v":67.81437125748504,"d":"67.8"}]
["Utiliza Energia Alternativa",6,null,{"v":0.8982035928143713,"d":"0.9"}]
["Realiza Análise de Solo, quando necessário",606,null,{"v":90.71856287425149,"d":"90.7"}]
["Realiza Calagem",599,null,{"v":89.67065868263472,"d":"89.7"}]
["Utiliza Práticas de Conservação de Solo, quando necessário",643,null,{"v":96.25748502994011,"d":"96.3"}]
["Faz Adubação Mineral, quando necessário",604,null,{"v":90.41916167664671,"d":"90.4"}]
["Faz Adubação Orgânica, quando necessário",536,null,{"v":80.23952095808383,"d":"80.2"}]
["Faz Adubação Verde, quando necessário",171,null,{"v":25.59880239520958,"d":"25.6"}]
["Utiliza Manejo Integrado de Pragas (MIP)",187,null,{"v":27.994011976047904,"d":"28.0"}]
["Utiliza Hidroponia","-",null,"-"]
["Utiliza Cultivo em Estufa",2,null,{"v":0.2994011976047904,"d":"0.3"}]
["Utiliza Mudas Fiscalizadas",547,null,{"v":81.88622754491018,"d":"81.9"}]
["Utiliza Semente Melhorada",149,null,{"v":22.305389221556883,"d":"22.3"}]
["Faz Confinamento de Bovinos",4,null,{"v":0.5988023952095808,"d":"0.6"}]
["Utiliza Pastejo Intensivo",24,null,{"v":3.5928143712574854,"d":"3.6"}]
["Faz Inseminação Artificial",9,null,{"v":1.347305389221557,"d":"1.3"}]
["Faz Mineralização do Rebanho",198,null,{"v":29.64071856287425,"d":"29.6"}]
["Faz Vermifugação do Rebanho",198,null,{"v":29.64071856287425,"d":"29.6"}]
["Possui Parceiros /Arrendatários na Exploração Animal",16,null,{"v":2.395209580838323,"d":"2.4"}]
["Existência de trabalhadores c/ deficiência na UPA",1,null,{"v":0.1497005988023952,"d":"0.1"}]
["Esporte e lazer",3,null,{"v":0.44910179640718567,"d":"0.4"}]
["Extração mineral","-",null,"-"]
["Hotel Fazenda, Pousada ou SPA",3,null,{"v":0.44910179640718567,"d":"0.4"}]
["Pesque-pague","-",null,"-"]
["Restaurante ou Lanchonete",2,null,{"v":0.2994011976047904,"d":"0.3"}]
["Transformação artesanal","-",null,"-"]
["Turismo rural ou ecoturismo",1,null,{"v":0.1497005988023952,"d":"0.1"}]
["Outras atividades econômicas rurais",4,null,{"v":0.5988023952095808,"d":"0.6"}]
["Agroindústria",3,null,{"v":0.44910179640718567,"d":"0.4"}]
["Proprietário sem instrução ou com instrução incompleta",3,null,{"v":0.44910179640718567,"d":"0.4"}]
["Proprietário com antigo primário completo",80,null,{"v":11.976047904191615,"d":"12.0"}]
["Proprietário com 1° grau (ou antigo ginasial) completo",114,null,{"v":17.065868263473053,"d":"17.1"}]
["Proprietário com 2° grau (ou antigo colegial) completo",148,null,{"v":22.155688622754493,"d":"22.2"}]
["Proprietário com curso superior completo ",291,null,{"v":43.562874251497,"d":"43.6"}]
["Pessoa Jurídica",32,null,{"v":4.790419161676646,"d":"4.8"}]
["Proprietário residente na própria UPA ",62,null,{"v":9.281437125748504,"d":"9.3"}]
["Fonte: Secretaria de Agricultura e Abastecimento, CDRS/IEA, Projeto LUPA."]
[]
["TABELA 12.5 - Área Cultivada, Município de Altinópolis, Estado de São Paulo, 2016/17."]
["CULTURA","N.DE UPAs","MÍNIMO","MÉDIO","MÁXIMO","TOTAL"]
["Cana-de-acucar finalidade industria",314,3.5,{"v":96.46,"d":"96.5"},{"v":1493.5,"d":"1,493.5"},{"v":30289.9,"d":"30,289.9"}]
["Eucalipto",64,0.4,{"v":236.47,"d":"236.5"},{"v":2327.6,"d":"2,327.6"},{"v":15134.3,"d":"15,134.3"}]
["Braquiaria",290,0.2,{"v":28.23,"d":"28.2"},305.3,{"v":8185.9,"d":"8,185.9"}]
["Cafe",204,{"v":1,"d":"1.0"},{"v":37.48,"d":"37.5"},{"v":406,"d":"406.0"},{"v":7644.9,"d":"7,644.9"}]
["Soja",50,3.3,{"v":35.76,"d":"35.8"},337.6,{"v":1788.1,"d":"1,788.1"}]
["Laranja Industria",5,{"v":36,"d":"36.0"},{"v":245.68,"d":"245.7"},604.2,{"v":1228.4,"d":"1,228.4"}]
["Milho safra",39,{"v":2,"d":"2.0"},{"v":26.44,"d":"26.4"},{"v":150,"d":"150.0"},{"v":1031,"d":"1,031.0"}]
["Sorgo",35,3.3,{"v":28.59,"d":"28.6"},131.2,{"v":1000.6,"d":"1,000.6"}]
["Milho-silagem",23,{"v":2,"d":"2.0"},{"v":25.37,"d":"25.4"},{"v":123,"d":"123.0"},583.5]
["Laranja Mercado",10,{"v":8,"d":"8.0"},{"v":52.22,"d":"52.2"},124.8,522.2]
["Milho 2 safra",1,337.6,337.6,337.6,337.6]
["Abacate",14,{"v":5,"d":"5.0"},{"v":22.84,"d":"22.8"},54.1,319.8]
["Laranja destino misto",2,142.9,{"v":154.45,"d":"154.5"},{"v":166,"d":"166.0"},308.9]
["Manga",4,4.5,{"v":34.68,"d":"34.7"},72.6,138.7]
["Amendoim",4,15.7,{"v":31.68,"d":"31.7"},37.5,126.7]
["Feijao",1,{"v":123,"d":"123.0"},{"v":123,"d":"123.0"},{"v":123,"d":"123.0"},{"v":123,"d":"123.0"}]
["Cana-de-acucar outras finalidades",9,0.5,{"v":7.88,"d":"7.9"},34.1,70.9]
["Gramas",7,{"v":2,"d":"2.0"},{"v":9.44,"d":"9.4"},{"v":20,"d":"20.0"},66.1]
["Coloniao",8,0.5,{"v":7.14,"d":"7.1"},19.1,57.1]
["Cebola",1,{"v":40,"d":"40.0"},{"v":40,"d":"40.0"},{"v":40,"d":"40.0"},{"v":40,"d":"40.0"}]
["Seringueira",2,{"v":1,"d":"1.0"},{"v":13.55,"d":"13.6"},26.1,27.1]
["Outras florestais",2,{"v":1,"d":"1.0"},3.1,5.2,6.2]
["Tangerina",1,{"v":3,"d":"3.0"},{"v":3,"d":"3.0"},{"v":3,"d":"3.0"},{"v":3,"d":"3.0"}]
["Macadamia (ou noz-macadamia)",1,2.8,2.8,2.8,2.8]
["Capim-jaragua",1,{"v":2,"d":"2.0"},{"v":2,"d":"2.0"},{"v":2,"d":"2.0"},{"v":2,"d":"2.0"}]
["Pimenta",1,{"v":2,"d":"2.0"},{"v":2,"d":"2.0"},{"v":2,"d":"2.0"},{"v":2,"d":"2.0"}]
["Alface",3,0.5,0.5,0.5,1.5]
["Couve (ou couve-crespa)",2,0.3,0.4,0.5,0.8]
["Quiabo",2,0.2,{"v":0.25,"d":"0.3"},0.3,0.5]
["Abobora (ou jerimum)",1,0.5,0.5,0.5,0.5]
["Pomar domestico",1,0.5,0.5,0.5,0.5]
["Capim-napier (ou capim-elefante)",1,0.5,0.5,0.5,0.5]
["Viveiro de cafe",1,0.5,0.5,0.5,0.5]
["Chuchu",1,0.5,0.5,0.5,0.5]
["Repolho",2,0.2,0.2,0.2,0.4]
["Jilo",2,0.2,0.2,0.2,0.4]
["Feijao-vagem (ou vagem, ou feijao-verde)",2,0.1,0.2,0.3,0.4]
["Couve-flor",1,0.2,0.2,0.2,0.2]
["Beterraba",1,0.2,0.2,0.2,0.2]
["Cenoura",1,0.2,0.2,0.2,0.2]
["Cebolinha",1,0.1,0.1,0.1,0.1]
["Chicoria (ou chicoria-de-folha-crespa)",1,0.1,0.1,0.1,0.1]
["Fonte: Secretaria de Agricultura e Abastecimento, CDRS/IEA, Projeto LUPA."]